000 00317nam a22001337a 4500
082 _a894.812.1
_bPAL/N
100 _aPALLIPPURAM, SIPPI
245 _aNAMMUDE NADAN PATTUKAL
260 _aKOTTAYAM
_bLABOUR INDIA EDUCTIONAL RESEARCH CENTRE
_c2007
300 _a161
520 _aPOETRY
650 _aPOETRY
942 _cBK
999 _c4556
_d4556